<?xml version="1.0" encoding="UTF-8"?>
<record
    xmlns:xsi="http://www.w3.org/2001/XMLSchema-instance"
    xsi:schemaLocation="http://www.loc.gov/MARC21/slim http://www.loc.gov/standards/marcxml/schema/MARC21slim.xsd"
    xmlns="http://www.loc.gov/MARC21/slim">

  <leader>00743nam a2200157   4500</leader>
  <controlfield tag="008">069 P911m</controlfield>
  <datafield tag="020" ind1=" " ind2=" ">
    <subfield code="a">9789874615473</subfield>
  </datafield>
  <datafield tag="082" ind1=" " ind2=" ">
    <subfield code="a">069</subfield>
    <subfield code="b">P911m</subfield>
  </datafield>
  <datafield tag="100" ind1=" " ind2=" ">
    <subfield code="a">Preciado, Paul B. </subfield>
    <subfield code="9">6667</subfield>
  </datafield>
  <datafield tag="245" ind1=" " ind2=" ">
    <subfield code="a">Museo apagado:</subfield>
    <subfield code="b">pornograf&#xED;a, arquitectura, neoliberalismo, museos</subfield>
  </datafield>
  <datafield tag="260" ind1=" " ind2=" ">
    <subfield code="a">Argentina</subfield>
    <subfield code="b">Museo de Arte Latinoamericano de Buenos Aires,</subfield>
    <subfield code="b">Fundaci&#xF3;n Eduardo F. Constantini</subfield>
    <subfield code="c">2017</subfield>
  </datafield>
  <datafield tag="300" ind1=" " ind2=" ">
    <subfield code="a">61 p.</subfield>
    <subfield code="c">19 x 13 cm</subfield>
  </datafield>
  <datafield tag="505" ind1=" " ind2=" ">
    <subfield code="t">Presentaci&#xF3;n</subfield>
    <subfield code="r">Lucrecia Palacios</subfield>
    <subfield code="t">Pr&#xF3;logo</subfield>
    <subfield code="r">Julieta Masacesse</subfield>
    <subfield code="t">Ensayos</subfield>
    <subfield code="r">Paul B. Preciado</subfield>
    <subfield code="t">Basura y g&#xE9;nero. Mear / cagar. Masculino / femenino</subfield>
    <subfield code="t">Museo, basura urbana y pornograf&#xED;a</subfield>
    <subfield code="t">El museo apagado</subfield>
  </datafield>
  <datafield tag="650" ind1=" " ind2=" ">
    <subfield code="x">Museolog&#xED;a</subfield>
    <subfield code="x">Museo</subfield>
    <subfield code="x">teor&#xED;a queer</subfield>
    <subfield code="x">g&#xE9;nero</subfield>
    <subfield code="x">arte</subfield>
    <subfield code="9">6668</subfield>
  </datafield>
  <datafield tag="700" ind1=" " ind2=" ">
    <subfield code="a">Palacio, Lucrecia (selecci&#xF3;n)</subfield>
    <subfield code="9">6669</subfield>
  </datafield>
  <datafield tag="999" ind1=" " ind2=" ">
    <subfield code="c">1614</subfield>
    <subfield code="d">1614</subfield>
  </datafield>
  <datafield tag="952" ind1=" " ind2=" ">
    <subfield code="0">0</subfield>
    <subfield code="1">0</subfield>
    <subfield code="2">ddc</subfield>
    <subfield code="4">0</subfield>
    <subfield code="7">0</subfield>
    <subfield code="a">LV</subfield>
    <subfield code="b">LV</subfield>
    <subfield code="c">Pensamiento</subfield>
    <subfield code="d">2018-09-13</subfield>
    <subfield code="l">0</subfield>
    <subfield code="o">069 P911m</subfield>
    <subfield code="p">002255</subfield>
    <subfield code="r">2018-09-13 00:00:00</subfield>
    <subfield code="w">2018-09-13</subfield>
    <subfield code="y">01</subfield>
  </datafield>
</record>
